000 00643nam a2200253Ia 4500
003 OSt
005 20221005083802.0
006 a|||||r|||| 00| 0
007 ta
008 221004b |||||||| |||| 00| 0 eng d
020 _a8185990646
024 _a79467
037 _cTextual
040 _aCRL
_cCRL
_beng
041 _2eng
_aeng
082 _a/\2:36, P0
100 _aRam Swarup
245 0 _aMeditations
_b Yogas, Gods, religions
260 _aNew Delhi
_bVoice of India India
_c2000
300 _a278p.
_ccm.
650 _aSPIRITUALISM
942 _h/\2:36, P0
_cTEXL
_2cc
999 _c991524
_d991524